1987 College Football AP Poll - Statistics

General Stats
  • This quiz has been taken 19 times
  • The average score is 282 of 321
Answer Stats
Week Rank Team W L T Conference % Correct
Week 1 (9/8) 19 Alabama 1 0 SEC
100%
Week 2 (9/15) 11 Alabama 2 0 SEC
100%
Week 3 (9/22) 17 Alabama 2 1 SEC
100%
Week 4 (9/29) 17 Alabama 3 1 SEC
100%
Week 5 (10/6) 15 Alabama 4 1 SEC
100%
Week 7 (10/20) 17 Alabama 5 2 SEC
100%
Week 8 (10/27) 16 Alabama 5 2 SEC
100%
Week 9 (11/3) 13 Alabama 6 2 SEC
100%
Week 10 (11/10) 11 Alabama 7 2 SEC
100%
Week 11 (11/17) 17 Alabama 7 3 SEC
100%
Week 12 (11/24) 18 Alabama 7 3 SEC
100%
Preseason 7 Michigan 0 0 Big Ten
100%
Week 1 (9/8) 9 Michigan 0 0 Big Ten
100%
Week 2 (9/15) 19 Michigan 0 1 Big Ten
100%
Week 3 (9/22) 14 Michigan 1 1 Big Ten
100%
Week 4 (9/29) 12 Michigan 2 1 Big Ten
100%
Week 5 (10/6) 12 Michigan 3 1 Big Ten
100%
Week 7 (10/20) 20 Michigan 4 2 Big Ten
100%
Postseason 19 Michigan 8 4 Big Ten
100%
Preseason 2 Nebraska 0 0 Big Eight
100%
Week 1 (9/8) 2 Nebraska 1 0 Big Eight
100%
Week 2 (9/15) 2 Nebraska 2 0 Big Eight
100%
Week 3 (9/22) 2 Nebraska 2 0 Big Eight
100%
Week 4 (9/29) 2 Nebraska 3 0 Big Eight
100%
Week 5 (10/6) 2 Nebraska 4 0 Big Eight
100%
Week 6 (10/13) 2 Nebraska 5 0 Big Eight
100%
Week 7 (10/20) 2 Nebraska 6 0 Big Eight
100%
Week 8 (10/27) 2 Nebraska 7 0 Big Eight
100%
Week 9 (11/3) 2 Nebraska 8 0 Big Eight
100%
Week 10 (11/10) 2 Nebraska 9 0 Big Eight
100%
Week 11 (11/17) 1 Nebraska 9 0 Big Eight
100%
Week 12 (11/24) 5 Nebraska 9 1 Big Eight
100%
Week 13 (12/1) 5 Nebraska 10 1 Big Eight
100%
Week 14 (12/8) 5 Nebraska 10 1 Big Eight
100%
Postseason 6 Nebraska 10 2 Big Eight
100%
Preseason 4 Ohio State 0 0 Big Ten
100%
Week 1 (9/8) 5 Ohio State 0 0 Big Ten
100%
Week 2 (9/15) 5 Ohio State 1 0 Big Ten
100%
Week 3 (9/22) 7 Ohio State 2 0 Big Ten
100%
Week 4 (9/29) 9 Ohio State 2 0 1 Big Ten
100%
Week 5 (10/6) 9 Ohio State 3 0 1 Big Ten
100%
Week 6 (10/13) 17 Ohio State 3 1 1 Big Ten
100%
Week 7 (10/20) 16 Ohio State 4 1 1 Big Ten
100%
Week 8 (10/27) 15 Ohio State 5 1 1 Big Ten
100%
Preseason 1 Oklahoma 0 0 Big Eight
100%
Week 1 (9/8) 1 Oklahoma 1 0 Big Eight
100%
Week 2 (9/15) 1 Oklahoma 2 0 Big Eight
100%
Week 3 (9/22) 1 Oklahoma 2 0 Big Eight
100%
Week 4 (9/29) 1 Oklahoma 3 0 Big Eight
100%
Week 5 (10/6) 1 Oklahoma 4 0 Big Eight
100%
Week 6 (10/13) 1 Oklahoma 5 0 Big Eight
100%
Week 7 (10/20) 1 Oklahoma 6 0 Big Eight
100%
Week 8 (10/27) 1 Oklahoma 7 0 Big Eight
100%
Week 9 (11/3) 1 Oklahoma 8 0 Big Eight
100%
Week 10 (11/10) 1 Oklahoma 9 0 Big Eight
100%
Week 11 (11/17) 2 Oklahoma 10 0 Big Eight
100%
Week 12 (11/24) 1 Oklahoma 11 0 Big Eight
100%
Week 13 (12/1) 1 Oklahoma 11 0 Big Eight
100%
Week 14 (12/8) 1 Oklahoma 11 0 Big Eight
100%
Postseason 3 Oklahoma 11 1 Big Eight
100%
Preseason 19 USC 0 0 Pacific-10
100%
Week 12 (11/24) 17 USC 8 3 Pacific-10
100%
Week 13 (12/1) 17 USC 8 3 Pacific-10
100%
Week 14 (12/8) 16 USC 8 3 Pacific-10
100%
Postseason 18 USC 8 4 Pacific-10
100%
Preseason 12 Arkansas 0 0 Southwest
93%
Week 1 (9/8) 13 Arkansas 0 0 Southwest
93%
Week 2 (9/15) 12 Arkansas 1 0 Southwest
93%
Week 3 (9/22) 10 Arkansas 2 0 Southwest
93%
Week 5 (10/6) 20 Arkansas 3 1 Southwest
93%
Week 6 (10/13) 15 Arkansas 4 1 Southwest
93%
Week 10 (11/10) 20 Arkansas 7 2 Southwest
93%
Preseason 9 Clemson 0 0 ACC
93%
Week 1 (9/8) 10 Clemson 1 0 ACC
93%
Week 2 (9/15) 8 Clemson 2 0 ACC
93%
Week 3 (9/22) 9 Clemson 3 0 ACC
93%
Week 4 (9/29) 8 Clemson 4 0 ACC
93%
Week 5 (10/6) 8 Clemson 4 0 ACC
93%
Week 6 (10/13) 7 Clemson 5 0 ACC
93%
Week 7 (10/20) 7 Clemson 6 0 ACC
93%
Week 8 (10/27) 14 Clemson 6 1 ACC
93%
Week 9 (11/3) 10 Clemson 7 1 ACC
93%
Week 10 (11/10) 9 Clemson 8 1 ACC
93%
Week 11 (11/17) 8 Clemson 9 1 ACC
93%
Week 12 (11/24) 13 Clemson 9 2 ACC
93%
Week 13 (12/1) 13 Clemson 9 2 ACC
93%
Week 14 (12/8) 14 Clemson 9 2 ACC
93%
Postseason 12 Clemson 10 2 ACC
93%
Preseason 20 Florida 0 0 SEC
93%
Week 4 (9/29) 19 Florida 3 1 SEC
93%
Week 5 (10/6) 18 Florida 3 2 SEC
93%
Week 6 (10/13) 14 Florida 4 2 SEC
93%
Week 7 (10/20) 11 Florida 5 2 SEC
93%
Week 8 (10/27) 10 Florida 5 2 SEC
93%
Week 9 (11/3) 17 Florida 5 3 SEC
93%
Preseason 20 Georgia 0 0 SEC
93%
Week 1 (9/8) 20 Georgia 1 0 SEC
93%
Week 2 (9/15) 18 Georgia 2 0 SEC
93%
Week 3 (9/22) 20 Georgia 2 1 SEC
93%
Week 4 (9/29) 20 Georgia 3 1 SEC
93%
Week 5 (10/6) 16 Georgia 4 1 SEC
93%
Week 6 (10/13) 18 Georgia 4 2 SEC
93%
Week 7 (10/20) 12 Georgia 5 2 SEC
93%
Week 8 (10/27) 12 Georgia 6 2 SEC
93%
Week 9 (11/3) 10 Georgia 6 2 SEC
93%
Week 10 (11/10) 8 Georgia 7 2 SEC
93%
Week 11 (11/17) 14 Georgia 7 3 SEC
93%
Week 12 (11/24) 14 Georgia 7 3 SEC
93%
Week 13 (12/1) 14 Georgia 8 3 SEC
93%
Week 14 (12/8) 15 Georgia 8 3 SEC
93%
Postseason 13 Georgia 9 3 SEC
93%
Preseason 6 LSU 0 0 SEC
93%
Week 1 (9/8) 6 LSU 1 0 SEC
93%
Week 2 (9/15) 4 LSU 2 0 SEC
93%
Week 3 (9/22) 4 LSU 3 0 SEC
93%
Week 4 (9/29) 7 LSU 3 0 1 SEC
93%
Week 5 (10/6) 7 LSU 4 0 1 SEC
93%
Week 6 (10/13) 6 LSU 5 0 1 SEC
93%
Week 7 (10/20) 5 LSU 6 0 1 SEC
93%
Week 8 (10/27) 5 LSU 6 0 1 SEC
93%
Week 9 (11/3) 5 LSU 7 0 1 SEC
93%
Week 10 (11/10) 10 LSU 7 1 1 SEC
93%
Week 11 (11/17) 9 LSU 8 1 1 SEC
93%
Week 12 (11/24) 6 LSU 9 1 1 SEC
93%
Week 13 (12/1) 7 LSU 9 1 1 SEC
93%
Week 14 (12/8) 7 LSU 9 1 1 SEC
93%
Postseason 5 LSU 10 1 1 SEC
93%
Preseason 18 Notre Dame 0 0 Independent
93%
Week 1 (9/8) 16 Notre Dame 0 0 Independent
93%
Week 2 (9/15) 9 Notre Dame 1 0 Independent
93%
Week 3 (9/22) 8 Notre Dame 2 0 Independent
93%
Week 4 (9/29) 5 Notre Dame 3 0 Independent
93%
Week 5 (10/6) 4 Notre Dame 3 0 Independent
93%
Week 6 (10/13) 11 Notre Dame 3 1 Independent
93%
Week 7 (10/20) 10 Notre Dame 4 1 Independent
93%
Week 8 (10/27) 9 Notre Dame 5 1 Independent
93%
Week 9 (11/3) 9 Notre Dame 6 1 Independent
93%
Week 10 (11/10) 7 Notre Dame 7 1 Independent
93%
Week 11 (11/17) 7 Notre Dame 8 1 Independent
93%
Week 12 (11/24) 10 Notre Dame 8 2 Independent
93%
Week 13 (12/1) 12 Notre Dame 8 3 Independent
93%
Week 14 (12/8) 12 Notre Dame 8 3 Independent
93%
Postseason 17 Notre Dame 8 4 Independent
93%
Preseason 11 Penn State 0 0 Independent
93%
Week 1 (9/8) 11 Penn State 1 0 Independent
93%
Week 2 (9/15) 20 Penn State 1 1 Independent
93%
Week 3 (9/22) 15 Penn State 2 1 Independent
93%
Week 4 (9/29) 14 Penn State 3 1 Independent
93%
Week 5 (10/6) 14 Penn State 4 1 Independent
93%
Week 6 (10/13) 10 Penn State 5 1 Independent
93%
Week 7 (10/20) 18 Penn State 5 2 Independent
93%
Week 8 (10/27) 18 Penn State 5 2 Independent
93%
Week 9 (11/3) 16 Penn State 6 2 Independent
93%
Week 10 (11/10) 15 Penn State 7 2 Independent
93%
Week 13 (12/1) 20 Penn State 8 3 Independent
93%
Week 14 (12/8) 20 Penn State 8 3 Independent
93%
Preseason 17 Tennessee 0 0 SEC
93%
Week 1 (9/8) 14 Tennessee 2 0 SEC
93%
Week 2 (9/15) 14 Tennessee 3 0 SEC
93%
Week 3 (9/22) 11 Tennessee 3 0 SEC
93%
Week 4 (9/29) 10 Tennessee 3 0 1 SEC
93%
Week 5 (10/6) 10 Tennessee 4 0 1 SEC
93%
Week 6 (10/13) 8 Tennessee 4 0 1 SEC
93%
Week 7 (10/20) 13 Tennessee 4 1 1 SEC
93%
Week 8 (10/27) 13 Tennessee 5 1 1 SEC
93%
Week 9 (11/3) 19 Tennessee 5 2 1 SEC
93%
Week 10 (11/10) 18 Tennessee 6 2 1 SEC
93%
Week 11 (11/17) 15 Tennessee 7 2 1 SEC
93%
Week 12 (11/24) 16 Tennessee 8 2 1 SEC
93%
Week 13 (12/1) 16 Tennessee 9 2 1 SEC
93%
Week 14 (12/8) 17 Tennessee 9 2 1 SEC
93%
Postseason 14 Tennessee 10 2 1 SEC
93%
Preseason 13 Washington 0 0 Pacific-10
93%
Week 1 (9/8) 12 Washington 1 0 Pacific-10
93%
Week 2 (9/15) 10 Washington 2 0 Pacific-10
93%
Week 3 (9/22) 18 Washington 2 1 Pacific-10
93%
Week 4 (9/29) 16 Washington 3 1 Pacific-10
93%
Preseason 14 Arizona State 0 0 Pacific-10
86%
Week 1 (9/8) 15 Arizona State 0 0 Pacific-10
86%
Week 2 (9/15) 15 Arizona State 1 0 Pacific-10
86%
Week 3 (9/22) 12 Arizona State 2 0 Pacific-10
86%
Week 4 (9/29) 13 Arizona State 2 1 Pacific-10
86%
Week 5 (10/6) 13 Arizona State 3 1 Pacific-10
86%
Postseason 20 Arizona State 7 4 1 Pacific-10
86%
Preseason 5 Auburn 0 0 SEC
86%
Week 1 (9/8) 4 Auburn 1 0 SEC
86%
Week 2 (9/15) 3 Auburn 2 0 SEC
86%
Week 3 (9/22) 3 Auburn 2 0 SEC
86%
Week 4 (9/29) 6 Auburn 2 0 1 SEC
86%
Week 5 (10/6) 5 Auburn 3 0 1 SEC
86%
Week 6 (10/13) 5 Auburn 4 0 1 SEC
86%
Week 7 (10/20) 6 Auburn 5 0 1 SEC
86%
Week 8 (10/27) 6 Auburn 6 0 1 SEC
86%
Week 9 (11/3) 6 Auburn 7 0 1 SEC
86%
Week 10 (11/10) 12 Auburn 7 1 1 SEC
86%
Week 11 (11/17) 10 Auburn 8 1 1 SEC
86%
Week 12 (11/24) 7 Auburn 8 1 1 SEC
86%
Week 13 (12/1) 6 Auburn 9 1 1 SEC
86%
Week 14 (12/8) 6 Auburn 9 1 1 SEC
86%
Postseason 7 Auburn 9 1 2 SEC
86%
Preseason 8 Florida State 0 0 Independent
86%
Week 1 (9/8) 8 Florida State 1 0 Independent
86%
Week 2 (9/15) 7 Florida State 2 0 Independent
86%
Week 3 (9/22) 6 Florida State 3 0 Independent
86%
Week 4 (9/29) 4 Florida State 4 0 Independent
86%
Week 5 (10/6) 6 Florida State 4 1 Independent
86%
Week 6 (10/13) 4 Florida State 5 1 Independent
86%
Week 7 (10/20) 4 Florida State 6 1 Independent
86%
Week 8 (10/27) 4 Florida State 6 1 Independent
86%
Week 9 (11/3) 4 Florida State 7 1 Independent
86%
Week 10 (11/10) 4 Florida State 8 1 Independent
86%
Week 11 (11/17) 4 Florida State 9 1 Independent
86%
Week 12 (11/24) 3 Florida State 9 1 Independent
86%
Week 13 (12/1) 3 Florida State 10 1 Independent
86%
Week 14 (12/8) 3 Florida State 10 1 Independent
86%
Postseason 2 Florida State 11 1 Independent
86%
Preseason 16 Iowa 0 0 Big Ten
86%
Week 3 (9/22) 19 Iowa 2 1 Big Ten
86%
Week 4 (9/29) 17 Iowa 3 1 Big Ten
86%
Week 11 (11/17) 18 Iowa 8 3 Big Ten
86%
Week 12 (11/24) 19 Iowa 9 3 Big Ten
86%
Week 13 (12/1) 18 Iowa 9 3 Big Ten
86%
Week 14 (12/8) 18 Iowa 9 3 Big Ten
86%
Postseason 16 Iowa 10 3 Big Ten
86%
Preseason 10 Miami 0 0 Independent
86%
Week 1 (9/8) 7 Miami 1 0 Independent
86%
Week 2 (9/15) 6 Miami 1 0 Independent
86%
Week 3 (9/22) 5 Miami 1 0 Independent
86%
Week 4 (9/29) 3 Miami 2 0 Independent
86%
Week 5 (10/6) 3 Miami 3 0 Independent
86%
Week 6 (10/13) 3 Miami 4 0 Independent
86%
Week 7 (10/20) 3 Miami 4 0 Independent
86%
Week 8 (10/27) 3 Miami 5 0 Independent
86%
Week 9 (11/3) 3 Miami 6 0 Independent
86%
Week 10 (11/10) 3 Miami 7 0 Independent
86%
Week 11 (11/17) 3 Miami 8 0 Independent
86%
Week 12 (11/24) 2 Miami 9 0 Independent
86%
Week 13 (12/1) 2 Miami 10 0 Independent
86%
Week 14 (12/8) 2 Miami 11 0 Independent
86%
Postseason 1 Miami 12 0 Independent
86%
Week 1 (9/8) 17 Michigan State 1 0 Big Ten
86%
Week 2 (9/15) 17 Michigan State 1 0 Independent
86%
Week 6 (10/13) 19 Michigan State 3 2 Big Ten
86%
Week 7 (10/20) 14 Michigan State 4 2 Big Ten
86%
Week 8 (10/27) 20 Michigan State 4 2 1 Big Ten
86%
Week 9 (11/3) 15 Michigan State 5 2 1 Big Ten
86%
Week 10 (11/10) 13 Michigan State 6 2 1 Big Ten
86%
Week 11 (11/17) 11 Michigan State 7 2 1 Big Ten
86%
Week 12 (11/24) 9 Michigan State 8 2 1 Big Ten
86%
Week 13 (12/1) 9 Michigan State 8 2 1 Big Ten
86%
Week 14 (12/8) 8 Michigan State 8 2 1 Big Ten
86%
Postseason 8 Michigan State 9 2 1 Big Ten
86%
Preseason 3 UCLA 0 0 Pacific-10
86%
Week 1 (9/8) 3 UCLA 1 0 Pacific-10
86%
Week 2 (9/15) 13 UCLA 1 1 Pacific-10
86%
Week 3 (9/22) 13 UCLA 2 1 Pacific-10
86%
Week 4 (9/29) 11 UCLA 3 1 Pacific-10
86%
Week 5 (10/6) 11 UCLA 4 1 Pacific-10
86%
Week 6 (10/13) 9 UCLA 4 1 Pacific-10
86%
Week 7 (10/20) 8 UCLA 5 1 Pacific-10
86%
Week 8 (10/27) 7 UCLA 6 1 Pacific-10
86%
Week 9 (11/3) 7 UCLA 7 1 Pacific-10
86%
Week 10 (11/10) 5 UCLA 8 1 Pacific-10
86%
Week 11 (11/17) 5 UCLA 9 1 Pacific-10
86%
Week 12 (11/24) 11 UCLA 9 2 Pacific-10
86%
Week 13 (12/1) 10 UCLA 9 2 Pacific-10
86%
Week 14 (12/8) 10 UCLA 9 2 Pacific-10
86%
Postseason 9 UCLA 10 2 Pacific-10
86%
Week 6 (10/13) 16 Oregon 4 1 Pacific-10
79%
Preseason 15 Texas A&M 0 0 Southwest
79%
Week 3 (9/22) 16 Texas A&M 1 1 Southwest
79%
Week 4 (9/29) 15 Texas A&M 2 1 Southwest
79%
Week 9 (11/3) 20 Texas A&M 6 2 Southwest
79%
Week 10 (11/10) 19 Texas A&M 6 2 Southwest
79%
Week 11 (11/17) 16 Texas A&M 7 2 Southwest
79%
Week 12 (11/24) 15 Texas A&M 8 2 Southwest
79%
Week 13 (12/1) 15 Texas A&M 9 2 Southwest
79%
Week 14 (12/8) 13 Texas A&M 9 2 Southwest
79%
Postseason 10 Texas A&M 10 2 Southwest
79%
Week 5 (10/6) 19 Oklahoma State 4 0 Big Eight
71%
Week 6 (10/13) 12 Oklahoma State 5 0 Big Eight
71%
Week 7 (10/20) 19 Oklahoma State 5 1 Big Eight
71%
Week 8 (10/27) 17 Oklahoma State 6 1 Big Eight
71%
Week 9 (11/3) 12 Oklahoma State 7 1 Big Eight
71%
Week 10 (11/10) 17 Oklahoma State 7 2 Big Eight
71%
Week 11 (11/17) 13 Oklahoma State 8 2 Big Eight
71%
Week 12 (11/24) 12 Oklahoma State 9 2 Big Eight
71%
Week 13 (12/1) 11 Oklahoma State 9 2 Big Eight
71%
Week 14 (12/8) 11 Oklahoma State 9 2 Big Eight
71%
Postseason 11 Oklahoma State 10 2 Big Eight
71%
Week 6 (10/13) 20 Indiana 4 1 Big Ten
64%
Week 7 (10/20) 15 Indiana 5 1 Big Ten
64%
Week 8 (10/27) 11 Indiana 6 1 Big Ten
64%
Week 9 (11/3) 18 Indiana 6 2 Big Ten
64%
Week 10 (11/10) 16 Indiana 7 2 Big Ten
64%
Week 11 (11/17) 20 Indiana 7 3 Big Ten
64%
Week 1 (9/8) 18 Pittsburgh 1 0 Independent
64%
Week 2 (9/15) 16 Pittsburgh 2 0 Independent
64%
Week 11 (11/17) 19 Pittsburgh 7 3 Independent
64%
Week 12 (11/24) 20 Pittsburgh 8 3 Independent
64%
Week 13 (12/1) 19 Pittsburgh 8 3 Independent
64%
Week 14 (12/8) 19 Pittsburgh 8 3 Independent
64%
Week 5 (10/6) 17 Syracuse 5 0 Independent
64%
Week 6 (10/13) 13 Syracuse 5 0 Independent
64%
Week 7 (10/20) 9 Syracuse 6 0 Independent
64%
Week 8 (10/27) 8 Syracuse 7 0 Independent
64%
Week 9 (11/3) 8 Syracuse 8 0 Independent
64%
Week 10 (11/10) 6 Syracuse 9 0 Independent
64%
Week 11 (11/17) 6 Syracuse 10 0 Independent
64%
Week 12 (11/24) 4 Syracuse 11 0 Independent
64%
Week 13 (12/1) 4 Syracuse 11 0 Independent
64%
Week 14 (12/8) 4 Syracuse 11 0 Independent
64%
Postseason 4 Syracuse 11 0 1 Independent
64%
Week 8 (10/27) 19 South Carolina 5 2 Independent
43%
Week 9 (11/3) 13 South Carolina 6 2 Independent
43%
Week 10 (11/10) 14 South Carolina 6 2 Independent
43%
Week 11 (11/17) 12 South Carolina 7 2 Independent
43%
Week 12 (11/24) 8 South Carolina 8 2 Independent
43%
Week 13 (12/1) 8 South Carolina 8 2 Independent
43%
Week 14 (12/8) 9 South Carolina 8 3 Independent
43%
Postseason 15 South Carolina 8 4 Independent
43%
No matching quizzes found
Score Distribution
Percent of People with Each Score
Percentile by Number Answered
Your Score History
You have not taken this quiz